[Event "BL 9293 Delmenhorst-Solingen"]
[Site "?"]
[Date "1993.??.??"]
[Round "?.3"]
[White "Zysk, R."]
[Black "Hermann, Man"]
[Result "1/2-1/2"]
[WhiteElo "2440"]
[BlackElo "2400"]
[PlyCount "80"]
[EventDate "1993.??.??"]

1. Nf3 d5 2. c4 c6 3. d4 Nf6 4. Qc2 dxc4 5. Qxc4 Bf5 6. Nc3 e6 7. g3 Be7 8. Bg2
Nbd7 9. O-O O-O 10. e3 Ne4 11. Nd2 Nxd2 12. Bxd2 e5 13. e4 exd4 14. exf5 dxc3
15. Bxc3 Bf6 16. Rad1 Bxc3 17. Qxc3 Qc7 18. Rd4 Rad8 19. Rfd1 Nf6 20. h3 Rxd4
21. Qxd4 Qa5 22. a3 Re8 23. b4 Qa4 24. g4 h6 25. Rc1 a5 26. Qb2 axb4 27. axb4
Rd8 28. Bf3 Rd3 29. Rc3 Rd4 30. Rb3 Rd2 31. Qxd2 Qxb3 32. Kg2 Nd5 33. Bxd5 cxd5
34. Qf4 Kh7 35. Qd6 Qc4 36. Qd7 Qe4+ 37. Kg1 Qe1+ 38. Kg2 Qe4+ 39. Kg1 Qe1+ 40.
Kg2 Qe4+ 1/2-1/2

[Event "BL 9293 Delmenhorst-Solingen"]
[Site "?"]
[Date "1993.??.??"]
[Round "?.4"]
[White "Borik, O."]
[Black "Reeh, O."]
[Result "1-0"]
[WhiteElo "2390"]
[BlackElo "2435"]
[PlyCount "83"]
[EventDate "1993.??.??"]

1. Nf3 c5 2. c3 Nf6 3. d4 b6 4. dxc5 bxc5 5. e4 e6 6. e5 Nd5 7. Bd3 Bb7 8. Na3
Be7 9. Nc4 O-O 10. h4 f5 11. exf6 Nxf6 12. Qc2 Bxf3 13. gxf3 d5 14. Ne5 c4 15.
Bf1 Bd6 16. Ng4 Nh5 17. Bg5 Qb6 18. O-O-O Nd7 19. Ne3 Ne5 20. Bh3 Bc5 21. Kb1
Rab8 22. Ka1 Kh8 23. Rb1 Qa6 24. Bf1 h6 25. b4 cxb3 26. Rxb3 Qc8 27. Be2 Rxb3
28. axb3 Qe8 29. Ng4 Nc6 30. b4 Bxb4 31. cxb4 Nd4 32. Qd1 Nxe2 33. Qxe2 Qa4+
34. Qa2 Qxa2+ 35. Kxa2 hxg5 36. hxg5 g6 37. Ne5 Kg7 38. Rc1 Nf4 39. Rc7+ Kg8
40. Rxa7 Rf5 41. Ng4 Rxg5 42. Nh6+ 1-0

[Event "BL 9293 Delmenhorst-Solingen"]
[Site "?"]
[Date "1993.??.??"]
[Round "?.5"]
[White "Schaefer, Ma"]
[Black "Schlemermeyer, W."]
[Result "1-0"]
[WhiteElo "2430"]
[BlackElo "2335"]
[PlyCount "89"]
[EventDate "1993.??.??"]

1. e4 d6 2. d4 Nf6 3. Nc3 g6 4. f4 Bg7 5. Nf3 c5 6. e5 Nfd7 7. exd6 O-O 8. Be3
exd6 9. Qd2 Qa5 10. O-O-O Nc6 11. a3 Nf6 12. Bc4 Bg4 13. dxc5 dxc5 14. Qf2 Bxf3
15. Qxf3 Nd4 16. Bxd4 cxd4 17. Rxd4 Nh5 18. Re4 Bxc3 19. Qxc3 Qxc3 20. bxc3
Rac8 21. Bb3 Rfe8 22. Rhe1 Kf8 23. Rxe8+ Rxe8 24. Rxe8+ Kxe8 25. g3 Ke7 26. Kd2
Nf6 27. Kd3 Ng4 28. h3 Nf2+ 29. Ke3 Nd1+ 30. Kd2 Nf2 31. Bd5 Nxh3 32. Ke3 g5
33. Bg2 g4 34. Bxb7 h5 35. Bg2 Kd6 36. c4 Kc5 37. Bd5 f6 38. Bf7 Ng1 39. Bxh5
Nf3 40. Bxg4 Nd4 41. Kd3 a5 42. Bd7 Nf3 43. c3 Ne1+ 44. Kd2 Ng2 45. Bh3 1-0

[Event "BL 9293 Delmenhorst-Solingen"]
[Site "?"]
[Date "1993.??.??"]
[Round "?.7"]
[White "Schmidt, B."]
[Black "Wesseln, K."]
[Result "1/2-1/2"]
[WhiteElo "2340"]
[BlackElo "2340"]
[PlyCount "122"]
[EventDate "1993.??.??"]

1. Nf3 Nf6 2. d4 c5 3. c3 e6 4. Bg5 Qb6 5. Qb3 cxd4 6. Qxb6 axb6 7. Nxd4 d5 8.
Nd2 Be7 9. e3 O-O 10. Be2 e5 11. N4f3 Nc6 12. O-O Be6 13. Bb5 e4 14. Nd4 Nxd4
15. exd4 Bd6 16. f3 exf3 17. Bxf6 fxg2 18. Kxg2 gxf6 19. Rxf6 Kh8 20. Kh1 Rg8
21. a3 Rg6 22. Raf1 Rag8 23. Rxg6 hxg6 24. Ba4 Kg7 25. Rf2 Rh8 26. Bb3 g5 27.
Nf1 f5 28. Re2 Rh6 29. Kg1 f4 30. Rg2 g4 31. Bd1 Rh4 32. Nd2 Kf6 33. Bb3 f3 34.
Rf2 Bf4 35. Nf1 Rh5 36. Ng3 Bxg3 37. hxg3 Rh3 38. Rh2 Rxg3+ 39. Kf2 Rg2+ 40.
Rxg2 fxg2 41. Kxg2 Kf5 42. Kg3 Ke4 43. Bd1 Kd3 44. Bxg4 Bf7 45. Kf4 Kc2 46. Ke5
Kxb2 47. Be6 Bh5 48. Bxd5 Kxc3 49. Bxb7 Kb3 50. d5 Bg4 51. Kf6 Kxa3 52. Ke7 Kb4
53. d6 Kc5 54. Bf3 Bc8 55. Bd1 b5 56. Bb3 b4 57. Be6 Bxe6 58. Kxe6 b3 59. d7 b2
60. d8=Q b1=Q 61. Qd5+ Kb6 1/2-1/2

[Event "BL 9293 Delmenhorst-Solingen"]
[Site "?"]
[Date "1993.??.??"]
[Round "?.8"]
[White "Ditt, E."]
[Black "Serrer, C."]
[Result "1/2-1/2"]
[WhiteElo "2295"]
[BlackElo "2275"]
[PlyCount "97"]
[EventDate "1993.??.??"]

1. g3 g6 2. Bg2 Bg7 3. c4 Nf6 4. Nc3 O-O 5. e4 d6 6. Nge2 c6 7. O-O e5 8. d3
Nbd7 9. h3 a6 10. Be3 b5 11. Qd2 Bb7 12. f4 Bh6 13. Rf2 Qe7 14. Raf1 exf4 15.
Nxf4 Bg7 16. b3 Rae8 17. Bd4 Ne5 18. Nfe2 Nfd7 19. Be3 bxc4 20. bxc4 Nc5 21.
Nc1 Ncxd3 22. Bg5 f6 23. Nxd3 fxg5 24. Rxf8+ Rxf8 25. Rxf8+ Kxf8 26. c5 Nxd3
27. Qxd3 dxc5 28. Na4 Bd4+ 29. Kh2 Qf7 30. Qb1 Qf2 31. Nb6 h5 32. Qf1 Ke7 33.
Qxf2 Bxf2 34. Bf1 Be1 35. Kg2 Ke6 36. Nc4 a5 37. Nb6 Bc3 38. Kf3 Bd4 39. g4 Kd6
40. Nc4+ Kc7 41. Nxa5 Bc8 42. Bc4 Kd6 43. a4 Bf6 44. Nb3 Bd8 45. a5 Ke5 46. Bf7
Kf6 47. Bc4 Ke5 48. Bf7 Kf6 49. Bc4 1/2-1/2

[Event "BL 9293 Porz-Bayern"]
[Site "?"]
[Date "1993.??.??"]
[Round "?.2"]
[White "Christiansen, L."]
[Black "Yusupov, A."]
[Result "1/2-1/2"]
[WhiteElo "2620"]
[BlackElo "2645"]
[PlyCount "146"]
[EventDate "1993.??.??"]

1. d4 d5 2. c4 c6 3. Nf3 Nf6 4. Nc3 e6 5. Bg5 h6 6. Bxf6 Qxf6 7. g3 Nd7 8. Bg2
Bb4 9. O-O O-O 10. Qc2 Qe7 11. a3 Bd6 12. c5 Bc7 13. e4 dxe4 14. Nxe4 Rd8 15.
Rad1 Nf8 16. Rfe1 Bd7 17. Ne5 Be8 18. b4 f5 19. Nc3 Bh5 20. Rd2 Bxe5 21. Rxe5
Qf6 22. Qb3 Qxe5 23. dxe5 Rxd2 24. b5 Be8 25. bxc6 Bxc6 26. Nb5 Bxg2 27. Kxg2
Rc8 28. Qb4 Rc2 29. Nd6 R8xc5 30. Qxb7 Rc7 31. Qb8 Rd7 32. Qb3 Rd2 33. Qc3 Rd5
34. h4 R7xd6 35. exd6 Rxd6 36. Qc5 Rd7 37. a4 Kf7 38. a5 Nh7 39. Qc6 Nf6 40.
Kf1 Ke7 41. Qc5+ Kf7 42. Qc8 Ke7 43. Ke2 Kf7 44. f3 Ke7 45. Qc5+ Kf7 46. g4 Nd5
47. Qc6 Ke7 48. Kf2 Rc7 49. Qa8 fxg4 50. fxg4 Kd6 51. Qb8 Ke5 52. Qb2+ Rc3 53.
Qb8+ Rc7 54. Kf3 Kd4 55. g5 h5 56. Qb1 Rc3+ 57. Kf2 e5 58. Qd1+ Rd3 59. Qa4+
Kc5 60. Qe4 Re3 61. Qg6 e4 62. Qxg7 Rf3+ 63. Ke1 Re3+ 64. Kd1 Kc4 65. Qf7 Rd3+
66. Kc2 Rc3+ 67. Kb2 Rb3+ 68. Ka2 e3 69. Qe6 Rb5 70. g6 Kd3 71. Ka3 Nc3 72. g7
Nb1+ 73. Ka2 Nc3+ 1/2-1/2

[Event "BL 9293 Porz-Bayern"]
[Site "?"]
[Date "1993.??.??"]
[Round "?.5"]
[White "Kindermann, S."]
[Black "Hickl, J."]
[Result "1/2-1/2"]
[WhiteElo "2495"]
[BlackElo "2540"]
[PlyCount "77"]
[EventDate "1993.??.??"]

1. e4 g6 2. d4 d6 3. Nc3 c6 4. Be3 Nf6 5. Qd2 Nbd7 6. Nf3 Qc7 7. Bd3 Bg7 8. Bh6
O-O 9. h4 Bxh6 10. Qxh6 Ng4 11. Qd2 Ndf6 12. O-O-O b5 13. Rde1 e5 14. dxe5 dxe5
15. Ng5 Nh5 16. f3 Ngf6 17. Ne2 Rd8 18. g4 c5 19. gxh5 Nxh5 20. Nc3 Qa5 21. Nd5
Qxa2 22. Qc3 c4 23. Qxe5 cxd3 24. Nxf7 d2+ 25. Kxd2 Qa5+ 26. b4 Qxb4+ 27. c3
Rxd5+ 28. Qxd5 Qb2+ 29. Ke3 Qxc3+ 30. Kf2 Qb2+ 31. Kg1 Bb7 32. Nh6+ Kh8 33.
Qxb7 Qd4+ 34. Kg2 Qd2+ 35. Kh3 Rf8 36. Nf7+ Kg8 37. Nh6+ Kh8 38. Nf7+ Kg8 39.
Nh6+ 1/2-1/2

[Event "BL 9293 Porz-Bayern"]
[Site "?"]
[Date "1993.??.??"]
[Round "?.6"]
[White "Knaak, R."]
[Black "Boensch, U."]
[Result "0-1"]
[WhiteElo "2515"]
[BlackElo "2490"]
[PlyCount "116"]
[EventDate "1993.??.??"]

1. d4 Nf6 2. c4 e6 3. Nc3 d5 4. cxd5 exd5 5. Bg5 Be7 6. e3 Nbd7 7. Bd3 O-O 8.
Nf3 c6 9. Qc2 Re8 10. O-O Nf8 11. Rab1 Bd6 12. Rfe1 Bg4 13. Nd2 Bd7 14. Nf1 h6
15. Bh4 Ne6 16. b4 a6 17. Na4 b5 18. Nc3 a5 19. a3 Be7 20. Bg3 Qb6 21. h3 axb4
22. axb4 Ra3 23. Be5 Nf8 24. Ng3 Rea8 25. Rec1 Qd8 26. Nf5 Bxf5 27. Bxf5 R3a6
28. Bd3 Bd6 29. e4 dxe4 30. Nxe4 Be7 31. Nxf6+ Bxf6 32. Be4 Bxe5 33. dxe5 Qg5
34. Bxc6 Rc8 35. Qe4 Ne6 36. Rc2 Nf4 37. Kh2 Qxg2+ 38. Qxg2 Nxg2 39. Rbc1 Nf4
40. Bxb5 Rxc2 41. Rxc2 Rb6 42. Rc8+ Kh7 43. Bc4 Rxb4 44. Bxf7 Re4 45. Re8 g5
46. Re7 Re1 47. Bb3+ Kg6 48. Bc2+ Kh5 49. Kg3 Ne2+ 50. Kg2 Nf4+ 51. Kf3 Nxh3
52. Bf5 Ng1+ 53. Kg2 Ne2 54. Bd7 Kh4 55. Be8 Nf4+ 56. Kf3 Nd3 57. Rg7 Rxe5 58.
Bd7 Ne1# 0-1

[Event "BL 9293 Porz-Bayern"]
[Site "?"]
[Date "1993.??.??"]
[Round "?.7"]
[White "Schlosser, P."]
[Black "Vogt, L."]
[Result "1-0"]
[WhiteElo "2520"]
[BlackElo "2520"]
[PlyCount "71"]
[EventDate "1993.??.??"]

1. Nf3 Nf6 2. c4 g6 3. Nc3 Bg7 4. e4 d6 5. d4 O-O 6. Be2 e5 7. O-O Nc6 8. d5
Ne7 9. Nd2 c5 10. Rb1 b6 11. b4 Ne8 12. bxc5 bxc5 13. Nb3 f5 14. Bg5 Nf6 15. f3
f4 16. Nxc5 dxc5 17. d6 Be6 18. dxe7 Qxe7 19. Nd5 Qf7 20. Rb5 Nd7 21. Nc7 Rac8
22. Nxe6 Qxe6 23. Rb7 Bf6 24. h4 Bxg5 25. hxg5 Rfd8 26. Qa4 Nf8 27. Qxa7 Ra8
28. Qxc5 Rxa2 29. Rf2 Qd6 30. Qxd6 Rxd6 31. c5 Ra1+ 32. Rf1 Rxf1+ 33. Kxf1 Rc6
34. Bc4+ Kh8 35. Rf7 Rc8 36. c6 1-0

[Event "BL 9293 Porz-Bayern"]
[Site "?"]
[Date "1993.??.??"]
[Round "?.8"]
[White "Mainka, R."]
[Black "Stangl, M."]
[Result "1-0"]
[WhiteElo "2515"]
[BlackElo "2505"]
[PlyCount "193"]
[EventDate "1993.??.??"]

1. e4 c5 2. Nf3 e6 3. d4 cxd4 4. Nxd4 a6 5. Bd3 Bc5 6. Nb3 Ba7 7. Qg4 Nf6 8.
Qg3 d6 9. Nc3 Nc6 10. O-O b5 11. Kh1 b4 12. Ne2 e5 13. Bg5 h6 14. Bxf6 Qxf6 15.
Bc4 O-O 16. Qd3 Ne7 17. a3 bxa3 18. Rxa3 Bc5 19. Nxc5 dxc5 20. Qe3 Qb6 21. Nc3
Bd7 22. Rb3 Qc7 23. Ra1 a5 24. Rba3 Rfb8 25. b3 Rb4 26. Qe2 Be8 27. R3a2 Rbb8
28. Qe1 Ra7 29. f3 Qd8 30. Nd1 Rba8 31. Nb2 Qc7 32. Qf2 Kf8 33. Nd3 Rc8 34. Qe1
Nc6 35. c3 Ne7 36. Qf2 Raa8 37. Ra3 a4 38. bxa4 Ra5 39. Qg3 Ng6 40. Qf2 Ne7 41.
Nb2 Rca8 42. Bb3 R5a6 43. Nc4 Nc8 44. Qa2 Na7 45. Qe2 Nc8 46. Ne3 Nb6 47. a5
Nc8 48. Qa2 Bb5 49. Bd5 R8a7 50. Bc4 Nd6 51. Bxb5 Nxb5 52. Nd5 Qd8 53. Ra4 Nd6
54. Nb6 Nb7 55. Nc4 Qe8 56. Qb2 Kg8 57. h3 Kh7 58. Kh2 Kg8 59. R4a3 Kh7 60. Qa2
Qe6 61. Qe2 f6 62. Qd3 Qc6 63. Qb1 Ra8 64. Qb3 R8a7 65. Kg1 Nd6 66. Nb6 Nb7 67.
Nd5 Rxa5 68. Rxa5 Nxa5 69. Qb8 Ra8 70. Qb6 Qxb6 71. Nxb6 Ra7 72. Kf2 Kg6 73.
Nc4 Nc6 74. Rxa7 Nxa7 75. Nd6 Nc6 76. Ke3 Na5 77. Kd3 h5 78. h4 Kh7 79. Kc2 Kg8
80. Kb2 Kf8 81. Ka3 Nc6 82. Ka4 Nd8 83. Kb5 Ne6 84. g3 Ke7 85. Kc6 g6 86. Kd5
Kd7 87. Nb7 Nc7+ 88. Kxc5 f5 89. Nd6 f4 90. gxf4 exf4 91. Nf7 Ne6+ 92. Kd5 g5
93. hxg5 h4 94. Ne5+ Ke7 95. Ng6+ Kd7 96. Nxh4 Nxg5 97. Ke5 1-0

[Event "BL 9293 Koblenz-München 36"]
[Site "?"]
[Date "1993.??.??"]
[Round "?.1"]
[White "Hertneck, G."]
[Black "Gurevich, M."]
[Result "1/2-1/2"]
[WhiteElo "2575"]
[BlackElo "2610"]
[PlyCount "65"]
[EventDate "1993.??.??"]

1. c4 e5 2. Nc3 Nf6 3. Nf3 Nc6 4. g3 d5 5. cxd5 Nxd5 6. Bg2 Nb6 7. d3 Be7 8. a3
O-O 9. b4 Be6 10. Rb1 f6 11. O-O Nd4 12. Bb2 Nxf3+ 13. Bxf3 c6 14. Qc2 a5 15.
b5 cxb5 16. Nxb5 Rc8 17. Bc3 Nd5 18. Qb2 Nxc3 19. Nxc3 Qd7 20. Qa1 Rc7 21. Rb6
Bf7 22. Rfb1 Rb8 23. Nb5 Rc2 24. Nc3 Rc8 25. Rxb7 Qd8 26. Nd5 Bxd5 27. Bxd5+
Qxd5 28. Rxe7 Kf8 29. Reb7 Rxe2 30. Rb8 Rxb8 31. Rxb8+ Kf7 32. Qb1 Rd2 33. Qb7+
1/2-1/2

[Event "BL 9293 Koblenz-München 36"]
[Site "?"]
[Date "1993.??.??"]
[Round "?.2"]
[White "Rozentalis, E."]
[Black "Smejkal, J."]
[Result "1/2-1/2"]
[WhiteElo "2595"]
[BlackElo "2500"]
[PlyCount "97"]
[EventDate "1993.??.??"]

1. e4 e5 2. Nf3 Nc6 3. Bb5 a6 4. Bxc6 dxc6 5. O-O f6 6. d4 exd4 7. Nxd4 c5 8.
Ne2 Qxd1 9. Rxd1 Bd7 10. Be3 O-O-O 11. Nbc3 Re8 12. Rd2 Bc6 13. Rad1 b6 14. Bf4
Ne7 15. Bg3 Ng6 16. Nd5 Bxd5 17. Rxd5 Rxe4 18. Kf1 Re8 19. Rd7 Ne5 20. Bxe5
fxe5 21. Ng3 Rg8 22. Ne4 Be7 23. Ke2 c4 24. a4 h5 25. c3 Rh8 26. R7d5 h4 27.
Rxe5 Bf6 28. Rxe8+ Rxe8 29. Kf3 Be5 30. g3 hxg3 31. hxg3 b5 32. axb5 axb5 33.
Rd2 Kb7 34. Kg4 Kc6 35. f4 Bd6 36. Re2 b4 37. cxb4 Bxb4 38. Kf5 Bc5 39. Nc3
Rf8+ 40. Kg6 Bd4 41. f5 Rf6+ 42. Kg5 Kc5 43. Re7 Rc6 44. Re6 Rb6 45. Kg6 Rxb2
46. Na4+ Kd5 47. Nxb2 Bxb2 48. Re2 Bd4 49. g4 1/2-1/2

[Event "BL 9293 Koblenz-München 36"]
[Site "?"]
[Date "1993.??.??"]
[Round "?.3"]
[White "Stohl, I."]
[Black "Doncevic, D."]
[Result "1/2-1/2"]
[WhiteElo "2540"]
[BlackElo "2370"]
[PlyCount "69"]
[EventDate "1993.??.??"]

1. d4 Nf6 2. c4 g6 3. g3 Bg7 4. Bg2 d5 5. cxd5 Nxd5 6. e4 Nb6 7. Ne2 e5 8. d5
c6 9. O-O O-O 10. Nbc3 cxd5 11. exd5 Bf5 12. b3 Nc8 13. Ba3 Nd6 14. h3 h5 15.
Qd2 Na6 16. Nd1 Re8 17. Ne3 Bh6 18. Rfd1 Ne4 19. Qe1 Bxe3 20. fxe3 Qb6 21. Nc3
Nxc3 22. Qxc3 Rac8 23. Qe1 Nc5 24. Rac1 Nd3 25. Rxc8 Rxc8 26. Qe2 e4 27. g4
hxg4 28. hxg4 Bxg4 29. Qxg4 Qxe3+ 30. Kh2 Rc2 31. Qg3 Qe2 32. Rg1 Qh5+ 33. Qh3
Qe5+ 34. Qg3 Qh5+ 35. Qh3 1/2-1/2

[Event "BL 9293 Koblenz-München 36"]
[Site "?"]
[Date "1993.??.??"]
[Round "?.4"]
[White "Fritsche, L."]
[Black "Lau, R."]
[Result "1/2-1/2"]
[WhiteElo "2390"]
[BlackElo "2530"]
[PlyCount "102"]
[EventDate "1993.??.??"]

1. e4 c5 2. Nc3 Nc6 3. g3 g6 4. d3 Bg7 5. Be3 d6 6. Qd2 Rb8 7. Bg2 b5 8. Nf3
Nd4 9. O-O b4 10. Nd1 e5 11. Ne1 Ne7 12. Bh6 O-O 13. Bxg7 Kxg7 14. Ne3 f5 15.
f4 exf4 16. gxf4 Ne6 17. exf5 Nxf5 18. Nxf5+ Rxf5 19. Be4 Rf6 20. Ng2 d5 21.
Bf3 Rb7 22. c4 bxc3 23. bxc3 Rbf7 24. Bg4 d4 25. cxd4 Qxd4+ 26. Qf2 Ba6 27.
Bxe6 Rxe6 28. Qxd4+ cxd4 29. Rfe1 Rxe1+ 30. Nxe1 Rxf4 31. Rb1 Bc8 32. Kg2 g5
33. Rb8 Be6 34. a4 Bd7 35. Kg1 Bc6 36. Rb4 Kf6 37. Rc4 Bd7 38. Kg2 h6 39. Rc7
Bxa4 40. Rxa7 Bc6+ 41. Kg1 Ke5 42. Ra6 Kd6 43. Nc2 Kc5 44. Ra5+ Kb6 45. Re5
Rg4+ 46. Kf1 Bb5 47. Ne1 Ka5 48. Rc5 Kb4 49. Rc7 Ba4 50. Rc4+ Ka5 51. Nf3 Bb5
1/2-1/2

[Event "BL 9293 Koblenz-München 36"]
[Site "?"]
[Date "1993.??.??"]
[Round "?.5"]
[White "Volke, K."]
[Black "Reschke, S."]
[Result "1-0"]
[WhiteElo "2460"]
[BlackElo "2335"]
[PlyCount "79"]
[EventDate "1993.??.??"]

1. d4 Nf6 2. c4 g6 3. Nc3 Bg7 4. e4 d6 5. Be2 O-O 6. Nf3 e5 7. O-O Na6 8. Re1
c6 9. Bf1 Bg4 10. d5 c5 11. h3 Bd7 12. a3 Ne8 13. Rb1 f5 14. b4 f4 15. Na4 b6
16. bxc5 dxc5 17. Bb2 Qe7 18. Bc3 Nd6 19. Nb2 Nc7 20. Nd3 Nf7 21. a4 Rab8 22.
a5 h5 23. axb6 axb6 24. d6 Nxd6 25. Bxe5 Bxe5 26. Ndxe5 Be8 27. h4 Rd8 28. Qc2
Nc8 29. Red1 Rxd1 30. Rxd1 Na6 31. Qd2 Nb4 32. Qd8 Bc6 33. Nxc6 Qe6 34. Nxb4
Rxd8 35. Rxd8+ Kg7 36. Ng5 Qg4 37. Nd3 Ne7 38. Nxf4 Nc6 39. Nge6+ Kf7 40. Rf8+
1-0

[Event "BL 9293 Koblenz-München 36"]
[Site "?"]
[Date "1993.??.??"]
[Round "?.6"]
[White "Wolf, V."]
[Black "Ruf, M."]
[Result "0-1"]
[WhiteElo "2320"]
[BlackElo "2425"]
[PlyCount "106"]
[EventDate "1993.??.??"]

1. e4 e6 2. d4 d5 3. Nc3 Bb4 4. e5 c5 5. Bd2 Ne7 6. f4 cxd4 7. Nb5 Bxd2+ 8.
Qxd2 O-O 9. Nf3 Nbc6 10. Nbxd4 f6 11. exf6 Rxf6 12. O-O-O Nxd4 13. Nxd4 Ng6 14.
g3 e5 15. fxe5 Nxe5 16. Re1 Ng4 17. Bg2 Ra6 18. Kb1 Nf6 19. Re5 Qd6 20. Rhe1
Bd7 21. Qg5 Kh8 22. Re7 Rc8 23. c3 Rb6 24. h3 Be8 25. R1e6 Bg6+ 26. Ka1 Qa3 27.
Rxb6 Qxe7 28. Re6 Qd7 29. g4 Qa4 30. Qd2 Ne4 31. Qe1 Rf8 32. Nf5 Nc5 33. Rxg6
Re8 34. Qf1 hxg6 35. Nd6 Re7 36. Bxd5 Qd7 37. Qf2 Ne6 38. Qh4+ Kg8 39. Qg3 Kf8
40. Qf3+ Kg8 41. Qg3 g5 42. Qe5 Kh8 43. a3 Nf8 44. Qg3 Ng6 45. c4 Nf4 46. Nf5
Re2 47. Qc3 Kh7 48. Ng3 Rh2 49. Qe5 Nxd5 50. cxd5 Rd2 51. Ne4 Rd1+ 52. Ka2
Qxd5+ 53. Qxd5 Rxd5 0-1

[Event "BL 9293 Bayern-Koblenz"]
[Site "?"]
[Date "1993.??.??"]
[Round "?.3"]
[White "Doncevic, D."]
[Black "Bischoff, K."]
[Result "1/2-1/2"]
[WhiteElo "2370"]
[BlackElo "2505"]
[PlyCount "40"]
[EventDate "1993.??.??"]

1. e4 c5 2. c3 d5 3. exd5 Qxd5 4. d4 Nf6 5. Nf3 Nc6 6. Be2 cxd4 7. cxd4 e6 8.
Nc3 Qd6 9. O-O Be7 10. Nb5 Qd8 11. Bf4 Nd5 12. Bg3 a6 13. Nc3 O-O 14. Rc1 Nf6
15. a3 b6 16. d5 exd5 17. Nxd5 Qxd5 18. Qxd5 Nxd5 19. Rxc6 Bb7 20. Rc2 Rac8
1/2-1/2

[Event "BL 9293 Bayern-Koblenz"]
[Site "?"]
[Date "1993.??.??"]
[Round "?.4"]
[White "Kindermann, S."]
[Black "Fritsche, L."]
[Result "1/2-1/2"]
[WhiteElo "2495"]
[BlackElo "2390"]
[PlyCount "82"]
[EventDate "1993.??.??"]

1. e4 e5 2. Nf3 d6 3. d4 exd4 4. Nxd4 g6 5. c4 Bg7 6. Nc3 Nf6 7. Be2 O-O 8. O-O
Re8 9. f3 c6 10. Kh1 Na6 11. Bg5 h6 12. Bh4 Nc5 13. Qc2 Qc7 14. Rfd1 a5 15. Bf1
Bd7 16. Qd2 Qb6 17. Rab1 Rad8 18. b3 Bc8 19. a3 Ne6 20. Bf2 Qc7 21. b4 axb4 22.
axb4 Qe7 23. Na4 Nxd4 24. Bxd4 Be6 25. Qb2 Nh5 26. Bxg7 Nxg7 27. Rd2 f5 28.
exf5 Nxf5 29. Nc3 Ne3 30. Ne4 Rf8 31. c5 dxc5 32. Rxd8 Qxd8 33. Nxc5 Bd5 34.
Qe5 Nxf1 35. Rxf1 b6 36. Ne4 Rf5 37. Qd4 Qh4 38. Ra1 Rf8 39. h3 Qe7 40. Qxb6
Bxe4 41. fxe4 Qxe4 1/2-1/2

[Event "BL 9293 Bayern-Koblenz"]
[Site "?"]
[Date "1993.??.??"]
[Round "?.5"]
[White "Reschke, S."]
[Black "Boensch, U."]
[Result "0-1"]
[WhiteElo "2335"]
[BlackElo "2490"]
[PlyCount "64"]
[EventDate "1993.??.??"]

1. c4 e6 2. Nf3 d5 3. b3 a5 4. Bb2 a4 5. g3 a3 6. Bc3 Nf6 7. d3 Nc6 8. e3 Bb4
9. Qd2 Qe7 10. Bg2 O-O 11. O-O Bxc3 12. Nxc3 Rd8 13. Rfd1 Nb4 14. Ne5 Bd7 15.
cxd5 exd5 16. Nxd7 Rxd7 17. d4 Ne4 18. Nxe4 dxe4 19. Bxe4 c5 20. Bg2 Rad8 21.
Rac1 g6 22. d5 f5 23. Rc4 b6 24. Rf4 Qe5 25. Rxb4 cxb4 26. Qxb4 Qb2 27. d6 Qf6
28. Qxa3 Rxd6 29. Rxd6 Rxd6 30. Bf3 Rd2 31. Kg2 f4 32. Qb4 fxe3 0-1

[Event "BL 9293 Bayern-Koblenz"]
[Site "?"]
[Date "1993.??.??"]
[Round "?.6"]
[White "Schlosser, P."]
[Black "Herbrechtsmeier, C."]
[Result "1-0"]
[WhiteElo "2520"]
[BlackElo "2305"]
[PlyCount "67"]
[EventDate "1993.??.??"]

1. c4 Nf6 2. Nf3 g6 3. g3 Bg7 4. Bg2 O-O 5. d4 d5 6. cxd5 Nxd5 7. O-O Nb6 8.
Nc3 Nc6 9. d5 Na5 10. Qc2 Nxd5 11. Rd1 c6 12. Ne1 Bd7 13. Nxd5 cxd5 14. Rxd5 e6
15. Rd3 Rc8 16. Qd1 Rc7 17. Bf4 e5 18. Bg5 Qxg5 19. Rxd7 Rfc8 20. Rxc7 Rxc7 21.
Nd3 Bf8 22. Qa4 Nc4 23. Qxa7 Qd2 24. Qb8 Re7 25. b3 e4 26. bxc4 exd3 27. exd3
Kg7 28. Be4 Qb2 29. Rf1 Qxa2 30. Kg2 Qc2 31. Ra1 f5 32. Ra8 Rf7 33. Bd5 Qxd3
34. Qe5+ 1-0

[Event "BL 9293 Bayern-Koblenz"]
[Site "?"]
[Date "1993.??.??"]
[Round "?.8"]
[White "Bezold, M."]
[Black "Hammes, M."]
[Result "1/2-1/2"]
[WhiteElo "2395"]
[BlackElo "2215"]
[PlyCount "105"]
[EventDate "1993.??.??"]

1. c4 e6 2. Nf3 Nf6 3. g3 d5 4. Bg2 Be7 5. O-O O-O 6. b3 b6 7. Bb2 Bb7 8. d3
dxc4 9. bxc4 c5 10. e3 Nc6 11. Qe2 Qd7 12. Nc3 Rad8 13. Rad1 Ne8 14. Rfe1 Bf6
15. d4 cxd4 16. exd4 Nxd4 17. Nxd4 Bxg2 18. Kxg2 Bxd4 19. Rxd4 Qxd4 20. Rd1 Qf6
21. Nd5 exd5 22. Bxf6 Nxf6 23. cxd5 Rd7 24. d6 Rfd8 25. g4 h6 26. h4 Ne8 27. g5
hxg5 28. hxg5 g6 29. Qe5 Ng7 30. Rd3 Nh5 31. f4 Ng7 32. Kf2 Re8 33. Qc3 Red8
34. Rd1 Rxd6 35. Rxd6 Rxd6 36. Qc8+ Kh7 37. Qc7 Rd2+ 38. Kf3 Rxa2 39. Qxf7 Ra5
40. Ke3 Ra3+ 41. Ke4 Ra5 42. Kf3 Ra3+ 43. Kg4 Ra5 44. Qd7 Kg8 45. Qd8+ Kh7 46.
Qa8 Nf5 47. Qf8 Ng7 48. Qf7 Ra4 49. Qb7 Ra5 50. Kf3 Kg8 51. Ke4 Kh7 52. Qd7 Kg8
53. Qc8+ 1/2-1/2

[Event "BL 9293 München 36-Porz"]
[Site "?"]
[Date "1993.??.??"]
[Round "?.1"]
[White "Lutz, C."]
[Black "Hertneck, G."]
[Result "1/2-1/2"]
[WhiteElo "2550"]
[BlackElo "2575"]
[PlyCount "107"]
[EventDate "1993.??.??"]

1. c4 e5 2. Nc3 Nf6 3. Nf3 Nc6 4. g3 d5 5. cxd5 Nxd5 6. Bg2 Nb6 7. O-O Be7 8.
a3 O-O 9. b4 Be6 10. d3 a5 11. b5 Nd4 12. Nd2 a4 13. Bxb7 Ra5 14. Rb1 Qd7 15.
Nf3 Bb3 16. Qe1 Rxb5 17. Nxd4 exd4 18. Nxb5 Qxb5 19. Bf3 c5 20. Qd2 Rd8 21. Qf4
c4 22. dxc4 Nxc4 23. Be4 Qh5 24. Qc7 Qc5 25. Qxc5 Bxc5 26. Ra1 Bb6 27. Bd3 Ba5
28. Rb1 Rc8 29. Bxc4 Rxc4 30. Bf4 f6 31. Rfc1 Bc3 32. g4 Kf7 33. Bg3 Ke6 34. f3
Kd5 35. Kf1 g6 36. Be1 f5 37. gxf5 gxf5 38. e3 Rc6 39. exd4 Bc4+ 40. Kg2 Bxd4
41. Bg3 Be3 42. Rd1+ Kc5 43. Rb8 f4 44. Be1 Rg6+ 45. Kh3 Be6+ 46. Kh4 Rh6+ 47.
Kg5 Rxh2 48. Kf6 Rh6+ 49. Ke5 Bh3 50. Re8 Rh5+ 51. Kf6 Rf5+ 52. Kg7 Rd5 53.
Bb4+ Kc6 54. Rxd5 1/2-1/2

[Event "BL 9293 München 36-Porz"]
[Site "?"]
[Date "1993.??.??"]
[Round "?.5"]
[White "Hickl, J."]
[Black "Gruenberg, HU."]
[Result "1-0"]
[WhiteElo "2540"]
[BlackElo "2495"]
[PlyCount "41"]
[EventDate "1993.??.??"]

1. e4 c5 2. c3 d5 3. d3 Nc6 4. Nd2 g6 5. Ngf3 Bg7 6. Be2 e6 7. Rb1 Nge7 8. b4
Bxc3 9. bxc5 Qa5 10. O-O Qxc5 11. Nb3 Qd6 12. Bh6 b6 13. Qc2 d4 14. Nbd2 Bb7
15. Nc4 Qc7 16. Qa4 O-O-O 17. Ng5 Rhf8 18. f4 Kb8 19. Qa3 Rg8 20. Nxf7 Rd7 21.
f5 1-0

[Event "BL 9293 München 36-Porz"]
[Site "?"]
[Date "1993.??.??"]
[Round "?.6"]
[White "Volke, K."]
[Black "Knaak, R."]
[Result "1/2-1/2"]
[WhiteElo "2460"]
[BlackElo "2515"]
[PlyCount "83"]
[EventDate "1993.??.??"]

1. d4 e6 2. Nf3 d5 3. g3 c6 4. Bg2 Bd6 5. O-O Nd7 6. Nbd2 f5 7. c4 Nh6 8. Nb3
Nf7 9. Qc2 g5 10. Nc5 Qf6 11. Bd2 g4 12. Nh4 Nf8 13. cxd5 cxd5 14. Qa4+ Ke7 15.
e3 Ng6 16. Nxg6+ hxg6 17. Bb4 Qg7 18. Rfc1 Kf6 19. Nd3 Bb8 20. Ne5 b5 21. Nc6
Qh7 22. Qa3 Qxh2+ 23. Kf1 Bc7 24. Bf8 b4 25. Nxb4 Rxf8 26. Rxc7 a5 27. Rac1 Kg7
28. Nd3 Ba6 29. R1c6 Bxd3+ 30. Qxd3 Rfe8 31. Qb5 Rab8 32. Rb6 Qh8 33. Qxa5 Rxb6
34. Qxb6 Rc8 35. Rc5 Qe8 36. b3 Ra8 37. Qc6 Qxc6 38. Rxc6 Rxa2 39. Rxe6 Ng5 40.
Rd6 Ra1+ 41. Ke2 Ra2+ 42. Kf1 1/2-1/2

[Event "BL 9293 München 36-Porz"]
[Site "?"]
[Date "1993.??.??"]
[Round "?.8"]
[White "Sandor, C."]
[Black "Mainka, R."]
[Result "1/2-1/2"]
[WhiteElo "2260"]
[BlackElo "2515"]
[PlyCount "81"]
[EventDate "1993.??.??"]

1. e4 c5 2. Nf3 d6 3. d4 cxd4 4. Nxd4 Nf6 5. Nc3 e6 6. f3 a6 7. Be3 b5 8. Qd2
Nbd7 9. g4 Nb6 10. Bd3 Bb7 11. O-O-O Rc8 12. h4 b4 13. Nce2 d5 14. g5 Nfd7 15.
h5 Ne5 16. g6 Nbc4 17. Bxc4 Nxc4 18. Qd3 e5 19. gxf7+ Kxf7 20. Nf5 d4 21. Bf2
Qe8 22. Rdg1 Qe6 23. Rg4 Nd6 24. Nxd6+ Bxd6 25. Kb1 Rhg8 26. Rhg1 Bc6 27. Ng3
g6 28. Qd2 gxh5 29. Nxh5 Rxg4 30. Rxg4 Rg8 31. Rxg8 Kxg8 32. Qg5+ Qg6 33. Qd8+
Kf7 34. b3 Be7 35. Qc7 Qd6 36. Qc8 Be8 37. Ng3 Bd7 38. Qh8 d3 39. Qxh7+ Ke8 40.
Qh8+ Kf7 41. Qh7+ 1/2-1/2